[Event "POL-chT 50th"]
[Site "Lubniewice"]
[Date "1994.??.??"]
[Round "7"]
[White "Brustman, Agnieszka"]
[Black "Ostoja Domaradzka, Anna"]
[Result "1-0"]
[WhiteElo "2375"]
[BlackElo "2095"]
[PlyCount "93"]
[EventDate "1994.09.22"]
[EventType "team-tourn"]
[EventRounds "11"]
[EventCountry "POL"]
[SourceTitle "EXT 2019"]
[Source "ChessBase"]
[SourceDate "2018.10.10"]
[SourceVersion "1"]
[SourceVersionDate "2018.10.10"]
[SourceQuality "1"]
[WhiteTeam "Warszawa Polonia"]
[BlackTeam "Wroclaw Hetman"]
[WhiteTeamCountry "POL"]
[BlackTeamCountry "POL"]

1. e4 e5 2. Nf3 Nc6 3. Bb5 Bc5 4. c3 f5 5. Bxc6 dxc6 6. Nxe5 Bd6 7. Nc4 fxe4 8. d4 exd3 9. Qxd3 Nf6 10. Qe2+ Qe7 11. Nxd6+ cxd6 12. Qxe7+ Kxe7 13. Bf4 d5 14. Nd2 Re8 15. 0-0 Kf7 16. Nf3 Bf5 17. a4 h6 18. a5 Re4 19. Bd6 a6 20. Nd4 Bg6 21. f3 Re3 22. Kf2 Rae8 23. Ra3 Bd3 24. Rd1 Bb5 25. Raa1 Bc4 26. Rd2 g5 27. h4 Kg6 28. hxg5 hxg5 29. g4 Nd7 30. Rh1 Bd3 31. Rhd1 Bc4 32. Nf5 Re2+ 33. Kg3 Rxd2 34. Rxd2 Rh8 35. Rd1 Nf6 36. Re1 Re8 37. Rh1 Re2 38. Ba3 Rd2 39. Rh6+ Kf7 40. Rh8 Ng8 41. Rh7+ Kf6 42. Rxb7 Bf1 43. Ne3 Bb5 44. Rh7 Bd3 45. Rc7 Bb5 46. Nf5 Ke5 47. Rg7 1-0

[Event "POL-chT 50th"]
[Site "Lubniewice"]
[Date "1994.??.??"]
[Round "6"]
[White "Ostoja Domaradzka, Anna"]
[Black "Jaracz, Barbara"]
[Result "0-1"]
[WhiteElo "2095"]
[BlackElo "2085"]
[PlyCount "66"]
[EventDate "1994.09.22"]
[EventType "team-tourn"]
[EventRounds "11"]
[EventCountry "POL"]
[SourceTitle "EXT 2019"]
[Source "ChessBase"]
[SourceDate "2018.10.10"]
[SourceVersion "1"]
[SourceVersionDate "2018.10.10"]
[SourceQuality "1"]
[WhiteTeam "Wroclaw Hetman"]
[BlackTeam "Jasien LKS ZPD"]
[WhiteTeamCountry "POL"]
[BlackTeamCountry "POL"]

1. e4 e5 2. Nf3 Nc6 3. Bb5 Bc5 4. 0-0 Nf6 5. Nc3 d6 6. d4 exd4 7. Nxd4 Bd7 8. Nf5 0-0 9. Bg5 a6 10. Bd3 Be6 11. Nd5 Bxd5 12. exd5 Ne5 13. Qd2 Re8 14. Rae1 Nxd3 15. Qxd3 Bxf2+ 16. Rxf2 Rxe1+ 17. Rf1 Rxf1+ 18. Kxf1 c6 19. Qf3 Ne4 20. Ne7+ Qxe7 21. Bxe7 Nd2+ 22. Kf2 Nxf3 23. Kxf3 cxd5 24. Bxd6 Re8 25. Kf2 f5 26. Bf4 Kf7 27. h4 Re4 28. g3 Kg6 29. Be3 Kh5 30. Bd2 Kg4 31. Bc3 g6 32. Bd2 f4 33. gxf4 Rxf4+ 0-1

[Event "Wisla BES op"]
[Site "Wisla"]
[Date "1992.??.??"]
[Round "1"]
[White "Staniszewski, Piotr"]
[Black "Ostoja Domaradzka, Anna"]
[Result "1-0"]
[WhiteElo "2425"]
[BlackElo "2050"]
[PlyCount "33"]
[EventDate "1992.??.??"]
[EventType "swiss"]
[EventRounds "9"]
[EventCountry "POL"]
[SourceTitle "TD"]
[Source "ChessBase"]
[SourceDate "1994.03.01"]
[SourceVersion "1"]
[SourceVersionDate "1994.03.01"]
[SourceQuality "1"]

1. e4 e5 2. Nf3 Nc6 3. Bb5 Nd4 4. Nxd4 exd4 5. 0-0 Bc5 6. b4 Bxb4 7. Bb2 Bc5 8. c3 Qf6 9. Qh5 Bb6 10. cxd4 Bxd4 11. e5 Qb6 12. e6 Nh6 13. exd7+ Bxd7 14. Bxd7+ Kd8 15. Qh4+ Bf6 16. Bxf6+ gxf6 17. Bh3 1-0